| 000 | 01358nam a22002775a 4500 | ||
|---|---|---|---|
| 001 | 2848 | ||
| 003 | FISKH | ||
| 005 | 20240117141648.0 | ||
| 008 | 900307s1991 xxk 000 0 eng | ||
| 010 | _a 90126839 | ||
| 020 | _a0436075261 : | ||
| 040 |
_aDLC _cDLC _beng |
||
| 050 | 0 | 0 | _aIN PROCESS |
| 082 | _a363.32 | ||
| 100 | 1 | _aBuford, Bill. | |
| 245 | 0 | 0 |
_aAmong the thugs / _cBill Buford. |
| 260 |
_aLondon : _bSecker & Warburg, _c1991. |
||
| 300 |
_a317 pages : _c23 cm |
||
| 520 | _aThey have names like Barmy Bernie, Daft Donald, and Steamin' Sammy. They like lager (in huge quantities), the Queen, football clubs (especially Manchester United), and themselves. Their dislike encompasses the rest of the known universe, and England's soccer thugs express it in ways that range from mere vandalism to riots that terrorize entire cities. Now Bill Buford, editor of the prestigious journal Granta, enters this alternate society and records both its savageries and its sinister allure with the social imagination of a George Orwell and the raw personal engagement of a Hunter Thompson. | ||
| 650 |
_aSports _vJuvenile Literature |
||
| 650 |
_aFootball _vJuvenile Literature |
||
| 650 |
_aSoccer _vJuvenile Literature |
||
| 650 |
_aViolence _vJuvenile Literature |
||
| 906 |
_a0 _bibc _corignew _d3 _encip _f19 _gy-gencatlg |
||
| 942 |
_2ddc _cBK _n0 |
||
| 999 |
_c2848 _d2848 |
||